000 00640nam a22001817a 4500
005 20251108171828.0
008 250721s1999 xx 000 0 ara d
082 1 4 _a634.62/منظ
245 1 0 _aدراسة الحزم التقنية الموصى بها لتحسين إنتاج النخيل في الوطن العربي /
264 1 _aالخرطوم :
_bالمنظمة،
_c1999.
300 _a245ص
650 1 7 _aالنخيل
650 1 7 _aالأشجار
650 1 7 _aالغابات و التحريج
710 2 _aالمنظمة العربية للتنمية الزراعية : الخرطوم
942 _2ddc
_cBK
999 _c63649
_d63649